The Code Of Civil Procedure-1908 (Record no. 697016)

MARC details
000 -LEADER
fixed length control field 00318nam a2200133Ia 4500
008 - FIXED-LENGTH DATA ELEMENTS--GENERAL INFORMATION
fixed length control field 230627s9999 xx 000 0 und d
041 ## - LANGUAGE CODE
Language code of text/sound track or separate title eng
082 ## - DEWEY DECIMAL CLASSIFICATION NUMBER
Classification number 347
Item number SAH
100 ## - MAIN ENTRY--PERSONAL NAME
Personal name Saha A.N.
245 ## - TITLE STATEMENT
Title The Code Of Civil Procedure-1908
250 ## - EDITION STATEMENT
Edition statement 7ed.
260 ## - PUBLICATION, DISTRIBUTION, ETC.
Name of publisher, distributor, etc. Premier Publishing Co.
Date of publication, distribution, etc. 2010
300 ## - PHYSICAL DESCRIPTION
Extent 1056p
Holdings
Withdrawn status Lost status Damaged status Not for loan Collection Home library Current library Shelving location Date acquired Cost, normal purchase price Total Checkouts Full call number Barcode Date last seen Price effective from Koha item type
        NLP LL.B New Law College, Pune New Law College, Pune NLP-Rack No-9 31/03/2011 1200.00   347 SAH NLP-N28348 17/07/2023 17/07/2023 Book